Т. 40, вып. 9; Физика плазмы

מידע ביבליוגרפי
Parent link:Физика плазмы/ Российская академия наук (РАН) ; Отделение физических наук РАН. Т. 40, вып. 9.— , 1975-
שפה:רוסית
יצא לאור: 2014
פורמט: ספר
KOHA link:https://koha.lib.tpu.ru/cgi-bin/koha/opac-detail.pl?biblionumber=535524

MARC

LEADER 00000nam2a2200000 4500
001 535524
005 20231101113530.0
035 |a (RuTPU)RU\TPU\prd\224390 
090 |a 535524 
100 |a 20141020a19759999k y0rusy50 ca 
101 0 |a rus 
102 |a RU 
200 0 |a Т. 40, вып. 9 
210 |d 2014 
461 1 |0 (RuTPU)RU\TPU\prd\408  |t Физика плазмы  |f Российская академия наук (РАН) ; Отделение физических наук РАН  |v Т. 40, вып. 9  |d 1975- 
801 0 |a RU  |b 63413507  |c 20010227  |g PSBO 
801 1 |a RU  |b 63413507  |c 20141020 
801 2 |a RU  |b 63413507  |c 20230623  |g RCR 
942 |c BK 
999 |a НТБ_ТПУ  |b НФ  |e -1/20140109  |p П-8455  |s 3/20140704  |u 0,00  |v 1